| 000 | 00476nam a2200133Ia 4500 | ||
|---|---|---|---|
| 008 | 170221s9999 xx 000 0 und d | ||
| 100 | _aF. Cai | ||
| 245 | _aRough Fuzzy C-means and Particle Swarm Optimization Hybridized Method for Information Clustering Problem | ||
| 245 | _cF. Cai and F. J. Verbeek | ||
| 260 | _bJournal of Communications | ||
| 650 | _xCommunication | ||
| 650 | _xMedia Arts | ||
| 856 | _uhttp://www.jocm.us/index.php?m=content&c=index&a=lists&catid=169 | ||
| 999 |
_c312587 _d312587 |
||